Swansea City - Top 10 Players With Most League Appearances - Statistics

General Stats
  • This quiz has been taken 47 times
  • The average score is 4 of 10
Answer Stats
No. Appearances Years Played Answer % Correct
460 2002-2010, 2011-2018 Leon Britton
93%
445 1947-1958, 1965-1968 Ivor Allchurch
73%
364 1972-1979, 1980-1983, 1989-1990 Alan Curtis
63%
513 1958-1975 Herbie Williams
53%
482 1973-1983, 1988-1990 Robbie James
38%
563 1989, 1991-2004 Roger Freestone
30%
586 1920-1937 Wilfried Milne
30%
389 1971-1983, 1984-1985 Wyndham Evans
10%
368 1950-1964 John King
5%
442 1949-1964 Harry Griffiths
3%
No matching quizzes found
Score Distribution
Percent of People with Each Score
Percentile by Number Answered
Your Score History
You have not taken this quiz